000 00303nam a22001337a 4500
008 171127b xxu||||| |||| 00| 0 eng d
020 _a9789928226358
041 _aeng
080 _a612.39
100 _a10
101 _aSHU
245 _aTE MBROJME FEMIJET NGA PESTICIDET
_cCARA, M
942 _2udc
_cBK
999 _c38586
_d38586